| 000 | 00716nam a2200217 a 4500 | ||
|---|---|---|---|
| 003 | UPN | ||
| 005 | 20241001063842.0 | ||
| 008 | 991125s1929 sp fr 001 0 spa d | ||
| 035 | _aUPN01000005924 | ||
| 040 |
_aMX-MxUPN _bspa _cMX-MxUPN |
||
| 050 | 4 |
_aF2235 _bB3.2 |
|
| 100 | 1 |
_aBayo, Ciro, _d1860-1939 _951742 |
|
| 245 | 1 | 0 |
_aBolívar y sus tenientes : _bSan Martín y sus aliados |
| 260 |
_aMadrid : _bRafael Caroraggio Editor, _c[1929]. |
||
| 300 | _a296 páginas | ||
| 504 | _aIncluye índice. | ||
| 651 | 4 |
_aAmérica del Sur _xHistoria _yGuerras de independencia, 1806-1830 _92700 |
|
| 710 | 2 |
_aInstituto Nacional de Pedagogía (México) _epropietario anterior _928088 |
|
| 905 | _aLibro | ||
| 942 |
_2lcc _cLIBRO _n0 |
||
| 999 |
_c5924 _d5924 |
||